| 000 | 00561nam a22002057a 4500 | ||
|---|---|---|---|
| 999 |
_c7657 _d7657 |
||
| 003 | OSt | ||
| 005 | 20220127155957.0 | ||
| 008 | 220127b ||||| |||| 00| 0 eng d | ||
| 020 | _a9780077178239 | ||
| 040 | _cDDC | ||
| 082 | _a338.604 HIL 2017 | ||
| 100 |
_aHillier, David; Clacher, Iain _915661 |
||
| 245 | _aFundamentals of corporate finance | ||
| 250 | _a3rd ed. | ||
| 260 |
_aLondon: _bMc Graw Hill ; _c2017 |
||
| 300 |
_axx,691p.: _bill col; _c26cm |
||
| 504 | _aAppendix and index included | ||
| 650 |
_aCorporate Finance. _912269 |
||
| 942 |
_2ddc _cBOOK |
||